| 000 | 00677nam a2200193 a 4500 | ||
|---|---|---|---|
| 001 | 000031239 | ||
| 005 | 20240412074255.0 | ||
| 008 | 110615s1941 dr 000 p spa d | ||
| 040 |
_aDO-SdBNP _bspa _cBNPHU |
||
| 082 |
_aRD861.44 _bP438s |
||
| 100 | 1 |
_aPérez Matos, Rafael _925961 |
|
| 245 | 1 | 0 |
_aSilencios del paisaje / _cRafael Pérez Matos ; prólogo de Julio de Windt Lavandier. |
| 260 |
_aSan Pedro de Macorís, República Dominicana : _b[s. n.], _c1941. |
||
| 300 |
_a111 p. ; _c19 cm. |
||
| 650 | 0 |
_aPoesía dominicana _966 |
|
| 650 | 0 |
_aLiteratura dominicana. _967 |
|
| 700 | 1 |
_aWindt Lavandier, Julio de, _epról. _926376 |
|
| 910 | _aValidado. Control de calidad BNPHU | ||
| 999 |
_c30731 _d30731 |
||